Catálogo

La chica del tren / (Registro nro. 69063)

Detalles MARC
000 -LEADER
fixed length control field 01503cam a2200385 i 4500
001 - CONTROL NUMBER
control field 69063
003 - CONTROL NUMBER IDENTIFIER
control field Mx-PuUPA
005 - DATE AND TIME OF LATEST TRANSACTION
control field 20240813141635.0
008 - FIXED-LENGTH DATA ELEMENTS--GENERAL INFORMATION
fixed length control field 200506s2015 mx ||||gr|||| 00| d spa d
020 ## - INTERNATIONAL STANDARD BOOK NUMBER
International Standard Book Number 9786070728389
040 ## - CATALOGING SOURCE
Original cataloging agency Mx-PuUPA
Language of cataloging spa
Transcribing agency Mx-PuUPA
Modifying agency Mx-PuUPA
Description conventions rda
041 1# - LANGUAGE CODE
Language code of text/sound track or separate title spa
Language code of original eng
100 1# - MAIN ENTRY--PERSONAL NAME
9 (RLIN) 11060
Personal name Hawkins, Paula,
Dates associated with a name 1972-
Relator term autor
240 14 - UNIFORM TITLE
Uniform title The girl on the train.
Language of a work Español
245 13 - TITLE STATEMENT
Title La chica del tren /
Statement of responsibility, etc. Paula Hawkins ; traducción de Aleix Montoto
250 ## - EDITION STATEMENT
Edition statement Primera edición
264 #1 - PRODUCTION, PUBLICATION, DISTRIBUTION, MANUFACTURE, AND COPYRIGHT NOTICE
Place of production, publication, distribution, manufacture Ciudad de México :
Name of producer, publisher, distributor, manufacturer Editorial Planeta Mexicana,
Date of production, publication, distribution, manufacture, or copyright notice ©2015
300 ## - PHYSICAL DESCRIPTION
Extent 351 páginas ;
Dimensions 23 cm
336 ## - CONTENT TYPE
Fuente rdacontent
Content type term texto
Content type code txt
337 ## - MEDIA TYPE
Source rdamedia
Media type term sin medio
Media type code n
338 ## - CARRIER TYPE
Source rdacarrier
Carrier type term volumen
Carrier type code nc
500 ## - GENERAL NOTE
General note "Tú no la conoces. Ella a ti, sí". -- Cubierta.<br/>"#1 del New York Times". -- Cubierta.<br/>Publicado en diferentes reimpresiones.
650 #7 - SUBJECT ADDED ENTRY--TOPICAL TERM
Source of heading or term armarc
Topical term or geographic name entry element Viajes en ferrocarril
Form subdivision Novela
650 #7 - SUBJECT ADDED ENTRY--TOPICAL TERM
Source of heading or term armarc
Topical term or geographic name entry element Viajeros
Form subdivision Novela
650 #7 - SUBJECT ADDED ENTRY--TOPICAL TERM
Source of heading or term armarc
Topical term or geographic name entry element Extraños
Form subdivision Novela
651 #4 - SUBJECT ADDED ENTRY--GEOGRAPHIC NAME
Geographic name Londres (Inglaterra)
Form subdivision Novela
655 #7 - INDEX TERM--GENRE/FORM
Genre/form data or focus term Ficción
Form subdivision Novela
Source of term armarc
700 1# - ADDED ENTRY--PERSONAL NAME
Personal name Montoto, Aleix,
Relator term traductor
765 0# - ORIGINAL LANGUAGE ENTRY
Main entry heading Hawkins, Paula, 1972-
Title The girl on the train.
942 ## - ADDED ENTRY ELEMENTS (KOHA)
Source of classification or shelving scheme Dewey Decimal Classification
Koha item type Libro
Classification part 823.921
Item part H3898
Existencias
Withdrawn status Lost status Source of classification or shelving scheme Damaged status Not for loan Collection code Home library Current library Shelving location Date acquired Source of acquisition Total Checkouts Total Renewals Full call number Barcode Date last seen Date last checked out Copy number Price effective from Koha item type Cost, normal purchase price Cost, replacement price
    Dewey Decimal Classification     General Biblioteca Karol Wojtyla Biblioteca Karol Wojtyla Sala general 03/12/2013 Compra 3 1 823.91 H3898 2015 45222 15/05/2026 21/04/2026 Ej.3 03/12/2013 Libro    
    Dewey Decimal Classification     General Biblioteca Karol Wojtyla Biblioteca Karol Wojtyla Sala general 09/08/2021 1 12 4 823.921 H3898 2015 101557 05/01/2026 14/03/2025 Ej.2 09/08/2021 Libro 328.00 328.00
    Dewey Decimal Classification     General Biblioteca Karol Wojtyla Biblioteca Karol Wojtyla Sala general 09/08/2021 1 24 9 823.921 H3898 2015 101556 25/02/2026 11/02/2026   09/08/2021 Libro 328.00 328.00